Desarrollo de un sistema de reconocimiento de imágenes utilizando Raspberry Pi y MATLAB® que contribuya al aprendizaje del tratamiento digital de señales
Presenta el diseño e implementación de guías de laboratorios enfocados al procesamiento digital de imágenes. En estas guías se abordan actividades que demostraron los principios de algunos algoritmos utilizados en esta área.
| Main Author: | |
|---|---|
| Other Authors: | |
| Format: | Tesis Section = Libro |
| Language: | Undetermined Spanish |
| Published: |
Managua
UNI
2016
|
| Subjects: |
| LEADER | 01179nam a2200265Ia 4500 | ||
|---|---|---|---|
| 008 | 240830s9999 xx 000 0 und d | ||
| 040 | |a BIBLIOTECA-RUSB/ Mon 621.3678 A958 | ||
| 041 | |a spa | ||
| 082 | |a Mon 621.3678 A958 | ||
| 100 | 1 | |a Avilés Andino, Pavel Fernando | |
| 245 | 1 | 0 | |a Desarrollo de un sistema de reconocimiento de imágenes utilizando Raspberry Pi y MATLAB® que contribuya al aprendizaje del tratamiento digital de señales |
| 260 | |a Managua |b UNI |c 2016 | ||
| 300 | |a 72 p. :il. | ||
| 500 | |a Contiene: anexos e Incluye: CD. | ||
| 502 | |a Tesis (Ingeniero Electrónico) - UNI, 2016. | ||
| 520 | 3 | |a Presenta el diseño e implementación de guías de laboratorios enfocados al procesamiento digital de imágenes. En estas guías se abordan actividades que demostraron los principios de algunos algoritmos utilizados en esta área. | |
| 650 | 7 | |a PROCESAMIENTO DIGITAL DE IMAGENES | |
| 650 | 7 | |b RASPBERRY (COMPUTADORA)-PROGRAMACION | |
| 650 | 7 | |c TECNICAS DIGITALES | |
| 650 | 7 | |d MATLAB (COMPUTADORA)-LENGUAJE DE PROGRAMACION | |
| 650 | 7 | |e ALGORITMOS | |
| 700 | 1 | |a Tutor: |b Gaitán, Alvaro Antonio | |
| 942 | |c BK |2 ddc | ||
| 991 | |a TESIS | ||
| 999 | |c 20217 | ||